[Event "48th Continental Open"]
[Site "Sturbridge, MA"]
[Date "2018.08.18"]
[Round "6.4"]
[White "Mishra, Abhimanyu"]
[Black "Mulyar, Michael"]
[Result "0-1"]
[WhiteElo "2166"]
[BlackElo "2374"]
[PlyCount "132"]
[EventDate "2018.08.??"]
[EventType "swiss"]
[EventRounds "9"]
[EventCountry "USA"]
[TimeControl "6000+10"]
[WhiteClock "0:05:26"]
[BlackClock "0:48:45"]

1. e4 {[%emt 0:04:48]} Nf6 {[%emt 0:00:20]} 2. e5 {[%emt 0:00:10]} Nd5 {
[%emt 0:00:10]} 3. d4 {[%emt 0:00:10]} d6 {[%emt 0:00:10]} 4. Nf3 {[%emt 0:00:
14]} Bg4 {[%emt 0:00:22]} 5. Be2 {[%emt 0:00:49]} e6 {[%emt 0:00:51]} 6. O-O {
[%emt 0:05:01]} Be7 {[%emt 0:00:10]} 7. b3 {[%emt 0:06:09]} O-O {[%emt 0:00:34]
} 8. c4 {[%emt 0:01:54]} Nb6 {[%emt 0:00:19]} 9. Bb2 {[%emt 0:01:30]} Nc6 {
[%emt 0:00:23]} 10. exd6 cxd6 {[%emt 0:01:12]} 11. Nbd2 {[%emt 0:09:12]} d5 {
[%emt 0:00:11]} 12. c5 {[%emt 0:02:52]} Nd7 {[%emt 0:04:04]} 13. Re1 {[%emt 0:
12:08]} b6 {[%emt 0:07:35]} 14. Bb5 {[%emt 0:02:27]} Qc7 {[%emt 0:00:10]} 15.
Bxc6 {[%emt 0:00:39]} Qxc6 {[%emt 0:00:10]} 16. b4 {[%emt 0:00:11]} a5 {
[%emt 0:01:12]} 17. a3 {[%emt 0:00:28]} Bf6 {[%emt 0:03:17]} 18. Qc1 {[%emt 0:
02:03]} Rfc8 {[%emt 0:15:56]} 19. Re3 {[%emt 0:03:46]} Qa4 {[%emt 0:03:56]} 20.
Bc3 {[%emt 0:03:22]} bxc5 {[%emt 0:03:14]} 21. bxc5 {[%emt 0:00:11]} Bf5 {
[%emt 0:03:29]} 22. Qd1 {[%emt 0:05:43]} Bc2 {[%emt 0:02:19]} 23. Qe2 {[%emt 0:
02:19]} Nxc5 {[%emt 0:04:48]} 24. dxc5 {[%emt 0:00:47]} d4 {[%emt 0:00:10]} 25.
Re4 {[%emt 0:01:36]} Bxe4 {[%emt 0:04:00]} 26. Qxe4 {[%emt 0:00:10]} e5 {
[%emt 0:02:12]} 27. Re1 {[%emt 0:05:11]} Qxa3 {[%emt 0:04:34]} 28. Ba1 {
[%emt 0:00:13]} Qxc5 {[%emt 0:00:17]} 29. Nf1 {[%emt 0:00:29]} Qc2 {[%emt 0:02:
23]} 30. Nxe5 {[%emt 0:01:49]} Qxe4 {[%emt 0:00:42]} 31. Rxe4 {[%emt 0:00:10]}
Bxe5 {[%emt 0:03:49]} 32. Rxe5 {[%emt 0:00:12]} d3 {[%emt 0:07:30]} 33. Re1 {
[%emt 0:03:59]} a4 {[%emt 0:00:15]} 34. Rd1 {[%emt 0:03:01]} a3 {[%emt 0:00:10]
} 35. Rxd3 {[%emt 0:06:15]} Rc1 {[%emt 0:00:19]} 36. Bd4 {[%emt 0:00:12]} a2 {
[%emt 0:00:17]} 37. g3 {[%emt 0:01:04]} g6 {[%emt 0:01:58]} 38. Kg2 {[%emt 0:
00:36]} Rd8 {[%emt 0:01:04]} 39. Ra3 {[%emt 0:01:05]} Rxd4 {[%emt 0:00:10]} 40.
Rxa2 {[%emt 0:00:10]} Rcd1 {[%emt 0:00:18]} 41. Ne3 {[%emt 0:05:46]} R1d2 {
[%emt 0:00:10]} 42. Rxd2 {[%emt 0:01:53]} Rxd2 {[%emt 0:00:33]} 43. h4 {
[%emt 0:03:12]} Kg7 {[%emt 0:00:21]} 44. Kf3 {[%emt 0:00:57]} h5 {[%emt 0:00:
12]} 45. Nc4 {[%emt 0:00:00]} Rc2 {[%emt 0:00:00]} 46. Ne3 {[%emt 0:00:00]} Ra2
{[%emt 0:00:00]} 47. Nd5 {[%emt 0:00:00]} Rd2 {[%emt 0:00:00]} 48. Ne3 {
[%emt 0:00:00]} Kf6 {[%emt 0:00:00]} 49. Nc4 {[%emt 0:00:00]} Ra2 {[%emt 0:00:
00]} 50. Ke3 {[%emt 0:00:00]} Ke6 {[%emt 0:00:00]} 51. Nb6 {[%emt 0:00:00]}
Ra3+ {[%emt 0:00:00]} 52. Ke2 {[%emt 0:00:00]} Rc3 {[%emt 0:00:00]} 53. Kd2 {
[%emt 0:00:00]} Rc6 {[%emt 0:00:00]} 54. Na4 {[%emt 0:00:00]} Kf5 {[%emt 0:00:
00]} 55. Nc3 {[%emt 0:00:00]} Kg4 {[%emt 0:00:00]} 56. Nb5 {[%emt 0:00:00]} Re6
{[%emt 0:00:00]} 57. Nd4 {[%emt 0:00:00]} Rd6 {[%emt 0:00:00]} 58. Ke3 {
[%emt 0:00:00]} Rxd4 {[%emt 0:00:00]} 59. Kxd4 {[%emt 0:00:00]} Kf3 {[%emt 0:
00:00]} 60. Ke5 {[%emt 0:00:00]} Kxf2 {[%emt 0:00:00]} 61. Kf4 {[%emt 0:00:00]}
f5 {[%emt 0:00:00]} 62. Kg5 {[%emt 0:00:00]} Kxg3 {[%emt 0:00:00]} 63. Kxg6 {
[%emt 0:00:03]} Kg4 {[%emt 0:00:00]} 64. Kf6 {[%emt 0:00:18]} f4 {[%emt 0:00:
00]} 65. Ke5 {[%emt 0:00:10]} f3 {[%emt 0:00:00]} 66. Ke4 {[%emt 0:00:10]} f2
0-1

[Event "48th Continental Open"]
[Site "Sturbridge, MA"]
[Date "2018.08.18"]
[Round "6.6"]
[White "Kim, Yoon-Young"]
[Black "Graif, William"]
[Result "1/2-1/2"]
[WhiteElo "2360"]
[BlackElo "2123"]
[PlyCount "51"]
[EventDate "2018.08.??"]
[EventType "swiss"]
[EventRounds "9"]
[EventCountry "USA"]
[TimeControl "6000+10"]
[WhiteClock "0:24:08"]
[BlackClock "0:17:01"]

1. d4 {[%emt 0:00:10]} Nf6 {[%emt 0:00:21]} 2. c4 {[%emt 0:00:13]} e6 {[%emt 0:
00:13]} 3. g3 {[%emt 0:00:13]} d5 {[%emt 0:00:19]} 4. Nf3 {[%emt 0:00:12]} Be7
{[%emt 0:00:13]} 5. Bg2 {[%emt 0:00:18]} O-O {[%emt 0:00:15]} 6. O-O {[%emt 0:
00:11]} dxc4 {[%emt 0:00:21]} 7. Qc2 {[%emt 0:00:30]} b6 {[%emt 0:00:23]} 8.
Bg5 {[%emt 0:00:26]} Ba6 {[%emt 0:00:35]} 9. Nbd2 {[%emt 0:01:08]} Nbd7 {
[%emt 0:00:55]} 10. Nxc4 {[%emt 0:02:39]} Bb7 {[%emt 0:03:29]} 11. Rfd1 {
[%emt 0:05:31]} Qc8 {[%emt 0:09:25]} 12. Nce5 {[%emt 0:04:11]} Be4 {[%emt 0:07:
42]} 13. Qa4 {[%emt 0:01:50]} Bd6 {[%emt 0:16:43]} 14. Rac1 {[%emt 0:05:33]}
Qb7 {[%emt 0:04:16]} 15. Nc4 {[%emt 0:09:00]} Rac8 {[%emt 0:15:00]} 16. Nxd6 {
[%emt 0:08:27]} cxd6 {[%emt 0:00:11]} 17. Qa3 {[%emt 0:01:47]} d5 {[%emt 0:05:
36]} 18. Bf1 {[%emt 0:00:11]} Bc2 {[%emt 0:07:32]} 19. Re1 {[%emt 0:00:22]} b5
{[%emt 0:02:21]} 20. Nd2 {[%emt 0:04:23]} Rc6 {[%emt 0:01:36]} 21. Qb4 {
[%emt 0:20:04]} a5 {[%emt 0:05:28]} 22. Qxa5 {[%emt 0:08:15]} b4 {[%emt 0:01:
45]} 23. e3 {[%emt 0:00:25]} Rb6 {[%emt 0:02:11]} 24. Rxc2 {[%emt 0:02:52]} Ra8
{[%emt 0:00:18]} 25. Qxa8+ {[%emt 0:00:54]} Qxa8 {[%emt 0:00:11]} 26. b3 {
[%emt 0:00:27]} 1/2-1/2

[Event "48th Continental Open"]
[Site "Sturbridge, MA"]
[Date "2018.08.18"]
[Round "6.7"]
[White "Otchiyev, Arslan"]
[Black "Kavi, Nithin"]
[Result "1-0"]
[WhiteElo "2333"]
[BlackElo "1995"]
[PlyCount "113"]
[EventDate "2018.08.??"]
[EventType "swiss"]
[EventRounds "9"]
[EventCountry "USA"]
[TimeControl "6000+10"]
[WhiteClock "1:39:11"]
[BlackClock "0:00:13"]

1. e4 {[%emt 0:00:10]} c5 {[%emt 0:00:27]} 2. Nf3 {[%emt 0:00:11]} d6 {[%emt 0:
00:12]} 3. d4 {[%emt 0:00:11]} cxd4 {[%emt 0:00:22]} 4. Nxd4 {[%emt 0:00:11]}
Nf6 {[%emt 0:00:17]} 5. Nc3 {[%emt 0:00:11]} a6 {[%emt 0:00:17]} 6. g3 {
[%emt 0:00:11]} e5 {[%emt 0:00:19]} 7. Nde2 {[%emt 0:00:11]} Be7 {[%emt 0:01:
06]} 8. Bg2 {[%emt 0:00:10]} b5 {[%emt 0:03:21]} 9. a4 {[%emt 0:00:10]} b4 {
[%emt 0:00:27]} 10. Nd5 {[%emt 0:00:10]} Nxd5 {[%emt 0:00:30]} 11. Qxd5 {
[%emt 0:00:11]} Ra7 {[%emt 0:00:19]} 12. Be3 {[%emt 0:00:11]} Be6 {[%emt 0:01:
30]} 13. Qd3 {[%emt 0:00:11]} Rb7 {[%emt 0:03:40]} 14. a5 {[%emt 0:00:10]} O-O
{[%emt 0:05:28]} 15. O-O {[%emt 0:00:11]} Qc8 {[%emt 0:12:19]} 16. b3 {[%emt 0:
00:11]} Rc7 {[%emt 0:02:00]} 17. Rfc1 {[%emt 0:00:11]} Nd7 {[%emt 0:03:12]} 18.
Qd2 {[%emt 0:00:11]} Nf6 {[%emt 0:09:51]} 19. Bb6 {[%emt 0:00:11]} Rd7 {
[%emt 0:18:21]} 20. c4 {[%emt 0:00:12]} bxc3 {[%emt 0:04:30]} 21. Nxc3 {
[%emt 0:00:11]} Qb7 {[%emt 0:01:19]} 22. Nd5 {[%emt 0:00:11]} Bd8 {[%emt 0:11:
19]} 23. Bxd8 {[%emt 0:00:10]} Rdxd8 {[%emt 0:12:47]} 24. Nxf6+ {[%emt 0:00:11]
} gxf6 {[%emt 0:00:10]} 25. Qh6 {[%emt 0:00:11]} Qe7 {[%emt 0:02:58]} 26. Rc6 {
[%emt 0:00:11]} Bxb3 {[%emt 0:07:06]} 27. Rxa6 {[%emt 0:00:12]} Ra8 {[%emt 0:
00:00]} 28. Rc6 {[%emt 0:00:11]} Be6 {[%emt 0:00:00]} 29. Rc3 {[%emt 0:00:10]}
Rfc8 {[%emt 0:00:00]} 30. Rca3 {[%emt 0:00:11]} Ra6 {[%emt 0:00:39]} 31. Bf1 {
[%emt 0:00:11]} Bc4 {[%emt 0:00:00]} 32. Rc3 {[%emt 0:00:10]} Rac6 {[%emt 0:00:
00]} 33. Bxc4 {[%emt 0:00:11]} Rxc4 {[%emt 0:00:00]} 34. Rxc4 {[%emt 0:00:10]}
Rxc4 {[%emt 0:00:00]} 35. a6 {[%emt 0:00:10]} Rc8 {[%emt 0:00:00]} 36. Qe3 {
[%emt 0:00:11]} Qc7 {[%emt 0:00:00]} 37. h4 {[%emt 0:00:11]} Ra8 {[%emt 0:00:
00]} 38. h5 {[%emt 0:00:11]} Qc8 {[%emt 0:00:00]} 39. Qd3 {[%emt 0:00:10]} Qe6
{[%emt 0:00:00]} 40. Qb5 {[%emt 0:00:10]} Qc8 {[%emt 0:01:49]} 41. Qb6 {
[%emt 0:00:10]} Qc5 {[%emt 0:00:00]} 42. Qb7 {[%emt 0:00:10]} Qc8 {[%emt 0:00:
00]} 43. Qxc8+ {[%emt 0:00:10]} Rxc8 {[%emt 0:00:00]} 44. a7 {[%emt 0:00:10]}
Ra8 {[%emt 0:00:00]} 45. Kf1 {[%emt 0:00:11]} Kf8 {[%emt 0:00:05]} 46. Ke2 {
[%emt 0:00:11]} Ke7 {[%emt 0:00:34]} 47. Kd3 {[%emt 0:00:10]} Kd7 {[%emt 0:00:
43]} 48. Kc4 {[%emt 0:00:10]} Kc6 {[%emt 0:00:00]} 49. g4 {[%emt 0:00:10]} Kb7
{[%emt 0:00:00]} 50. Kd5 {[%emt 0:00:10]} Kc7 {[%emt 0:00:00]} 51. h6 {[%emt 0:
00:10]} Kd7 {[%emt 0:00:00]} 52. Ra5 {[%emt 0:00:11]} Kc7 {[%emt 0:00:00]} 53.
f3 {[%emt 0:00:10]} Kb6 {[%emt 0:00:00]} 54. Ra3 {[%emt 0:00:13]} Kc7 {[%emt 0:
00:00]} 55. Ra6 {[%emt 0:00:21]} Kb7 {[%emt 0:00:14]} 56. Rxd6 {[%emt 0:00:11]}
Kxa7 {[%emt 0:01:06]} 57. Rxf6 {[%emt 0:00:11]} 1-0

[Event "48th Continental Open"]
[Site "Sturbridge, MA"]
[Date "2018.08.18"]
[Round "6.8"]
[White "Poliannikov, Danila"]
[Black "Kumar, Aravind"]
[Result "0-1"]
[WhiteElo "1994"]
[BlackElo "2169"]
[PlyCount "46"]
[EventDate "2018.08.??"]
[EventType "swiss"]
[EventRounds "9"]
[EventCountry "USA"]
[TimeControl "6000+10"]
[WhiteClock "0:15:46"]
[BlackClock "0:04:28"]

1. e4 {[%emt 0:00:10]} e6 2. d4 {[%emt 0:01:13]} d5 {[%emt 0:00:31]} 3. Nd2 {
[%emt 0:00:10]} Be7 {[%emt 0:00:11]} 4. Ngf3 {[%emt 0:01:00]} Nf6 {[%emt 0:00:
48]} 5. Bd3 {[%emt 0:00:10]} c5 {[%emt 0:01:36]} 6. exd5 {[%emt 0:00:10]} Qxd5
{[%emt 0:00:11]} 7. dxc5 {[%emt 0:00:59]} Nbd7 {[%emt 0:04:00]} 8. Bc4 {
[%emt 0:07:56]} Qxc5 {[%emt 0:02:26]} 9. O-O {[%emt 0:00:40]} O-O {[%emt 0:10:
02]} 10. Qe2 {[%emt 0:04:59]} a6 {[%emt 0:21:31]} 11. Nb3 {[%emt 0:05:48]} Qc7
{[%emt 0:04:16]} 12. Re1 {[%emt 0:04:50]} h6 {[%emt 0:13:20]} 13. Nbd4 {
[%emt 0:23:26]} b5 {[%emt 0:09:14]} 14. Bb3 {[%emt 0:00:53]} Re8 {[%emt 0:10:
00]} 15. a4 {[%emt 0:24:08]} b4 {[%emt 0:10:39]} 16. Bd2 {[%emt 0:01:04]} Bb7 {
[%emt 0:03:54]} 17. Rad1 {[%emt 0:05:03]} Ne4 {[%emt 0:02:56]} 18. Be3 {
[%emt 0:00:12]} Ndc5 {[%emt 0:00:11]} 19. Nd2 {[%emt 0:02:05]} Nxb3 {[%emt 0:
02:11]} 20. N2xb3 {[%emt 0:01:38]} Bd5 {[%emt 0:05:14]} 21. Nf3 {[%emt 0:00:10]
} Bc4 {[%emt 0:00:00]} 22. Rd3 {[%emt 0:01:10]} Nf6 {[%emt 0:00:00]} 23. Nbd4 {
[%emt 0:00:10]} e5 {[%emt 0:00:00]} 0-1

[Event "48th Continental Open"]
[Site "Sturbridge, MA"]
[Date "2018.08.18"]
[Round "6.9"]
[White "Genger, Eitan"]
[Black "Shanmugasundaram, Coimbatore"]
[Result "1/2-1/2"]
[WhiteElo "1903"]
[BlackElo "2147"]
[PlyCount "53"]
[EventDate "2018.08.??"]
[EventType "swiss"]
[EventRounds "9"]
[EventCountry "USA"]
[TimeControl "6000+10"]
[WhiteClock "0:40:10"]
[BlackClock "0:32:10"]

1. Nf3 {[%emt 0:00:10]} c5 {[%emt 0:00:32]} 2. c4 {[%emt 0:00:14]} Nc6 {
[%emt 0:00:30]} 3. Nc3 {[%emt 0:00:44]} g6 {[%emt 0:00:56]} 4. d4 {[%emt 0:00:
53]} cxd4 {[%emt 0:00:32]} 5. Nxd4 {[%emt 0:00:11]} Bg7 {[%emt 0:00:11]} 6. Nc2
{[%emt 0:00:57]} Nf6 {[%emt 0:00:51]} 7. g3 {[%emt 0:00:30]} O-O {[%emt 0:00:
59]} 8. Bg2 {[%emt 0:00:17]} d6 {[%emt 0:00:44]} 9. O-O {[%emt 0:00:29]} a6 {
[%emt 0:04:21]} 10. b3 {[%emt 0:02:37]} Rb8 {[%emt 0:03:49]} 11. Bb2 {[%emt 0:
01:12]} Bd7 {[%emt 0:00:20]} 12. Nd5 {[%emt 0:05:57]} Nxd5 {[%emt 0:02:17]} 13.
Bxg7 {[%emt 0:00:11]} Ne3 {[%emt 0:00:49]} 14. Nxe3 {[%emt 0:00:51]} Kxg7 {
[%emt 0:00:11]} 15. Qd2 {[%emt 0:03:28]} Kg8 {[%emt 0:04:00]} 16. Nd5 {[%emt 0:
02:43]} b5 {[%emt 0:02:03]} 17. cxb5 {[%emt 0:04:56]} axb5 {[%emt 0:04:52]} 18.
Rfc1 {[%emt 0:01:25]} e6 {[%emt 0:11:49]} 19. Nb4 {[%emt 0:04:41]} Nxb4 {
[%emt 0:01:19]} 20. Qxb4 {[%emt 0:00:10]} d5 {[%emt 0:01:52]} 21. e4 {[%emt 0:
03:34]} dxe4 {[%emt 0:01:32]} 22. Bxe4 {[%emt 0:00:11]} Qf6 {[%emt 0:02:30]}
23. Qc3 {[%emt 0:07:13]} e5 {[%emt 0:04:03]} 24. Qc7 {[%emt 0:02:12]} Bh3 {
[%emt 0:10:41]} 25. Rc5 {[%emt 0:02:02]} Rfe8 {[%emt 0:01:15]} 26. b4 {[%emt 0:
05:57]} Kg7 {[%emt 0:09:22]} 27. Qc6 {[%emt 0:10:35]} 1/2-1/2

[Event "48th Continental Open"]
[Site "Sturbridge, MA"]
[Date "2018.08.18"]
[Round "6.10"]
[White "Samadashvili, Martha"]
[Black "Padmanabhan, Karthik"]
[Result "1-0"]
[WhiteElo "2136"]
[BlackElo "1879"]
[PlyCount "79"]
[EventDate "2018.08.??"]
[EventType "swiss"]
[EventRounds "9"]
[EventCountry "USA"]

1. e4 e5 2. Nf3 Nc6 3. Bc4 Bc5 4. O-O Nf6 5. d3 d6 6. c3 h6 7. Nbd2 a6 8. b4
Ba7 9. Bb3 O-O 10. Nc4 Ne7 11. Be3 Ng6 12. a4 Re8 13. Qc2 Nh5 14. Bxa7 Rxa7 15.
Ne3 Nhf4 16. g3 Nh3+ 17. Kh1 Qf6 18. Ne1 c6 19. N1g2 Qf3 20. Qd2 Ra8 21. Bd1
Qf6 22. f4 exf4 23. gxf4 Nh4 24. Ng4 Bxg4 25. Bxg4 Nxg2 26. Kxg2 Qh4 27. Bxh3
g5 28. Qf2 Qh5 29. Qf3 Qg6 30. fxg5 Re5 31. Bf5 Qxg5+ 32. Qg3 d5 33. Qxg5+ hxg5
34. d4 Re7 35. e5 b6 36. Kf3 Kg7 37. h4 gxh4 38. Rg1+ Kh6 39. Rh1 Rh8 40. Rxh4+
1-0

[Event "48th Continental Open"]
[Site "Sturbridge, MA"]
[Date "2018.08.18"]
[Round "6.11"]
[White "Tanenbaum, Zachary"]
[Black "Luo, Terry"]
[Result "1/2-1/2"]
[WhiteElo "2133"]
[BlackElo "1793"]
[PlyCount "83"]
[EventDate "2018.08.??"]
[EventType "swiss"]
[EventRounds "9"]
[EventCountry "USA"]
[TimeControl "6000+10"]
[WhiteClock "0:05:11"]
[BlackClock "0:31:28"]

1. e4 {[%emt 0:00:10]} e5 {[%emt 0:00:23]} 2. Nf3 {[%emt 0:00:15]} Nc6 {
[%emt 0:00:13]} 3. d4 {[%emt 0:00:28]} exd4 {[%emt 0:00:16]} 4. Bc4 {[%emt 0:
02:45]} Nf6 {[%emt 0:01:57]} 5. e5 {[%emt 0:02:34]} d5 {[%emt 0:05:12]} 6. Bb5
{[%emt 0:00:24]} Nd7 {[%emt 0:02:47]} 7. O-O {[%emt 0:07:11]} Be7 {[%emt 0:00:
57]} 8. Bxc6 {[%emt 0:30:14]} bxc6 {[%emt 0:00:15]} 9. Nxd4 {[%emt 0:04:07]}
Bb7 {[%emt 0:03:40]} 10. Re1 {[%emt 0:12:19]} O-O {[%emt 0:02:20]} 11. Qg4 {
[%emt 0:03:49]} Re8 {[%emt 0:10:50]} 12. e6 {[%emt 0:14:30]} Nf8 {[%emt 0:00:
45]} 13. Nf5 {[%emt 0:02:36]} Ng6 {[%emt 0:03:05]} 14. exf7+ {[%emt 0:00:37]}
Kxf7 {[%emt 0:00:10]} 15. Nxe7 {[%emt 0:03:45]} Rxe7 {[%emt 0:00:19]} 16. Rxe7+
{[%emt 0:02:28]} Qxe7 {[%emt 0:00:21]} 17. Be3 {[%emt 0:00:50]} c5 {[%emt 0:06:
07]} 18. Nd2 {[%emt 0:01:13]} d4 {[%emt 0:02:02]} 19. Bg5 {[%emt 0:01:10]} Qe6
{[%emt 0:03:24]} 20. Qg3 {[%emt 0:05:30]} Qd6 {[%emt 0:00:46]} 21. Qxd6 {
[%emt 0:01:38]} cxd6 {[%emt 0:00:10]} 22. Nc4 {[%emt 0:00:17]} Ke6 {[%emt 0:01:
15]} 23. Re1+ {[%emt 0:00:19]} Kd5 {[%emt 0:00:55]} 24. b3 {[%emt 0:00:26]} Ba6
{[%emt 0:01:31]} 25. Nb2 {[%emt 0:00:47]} Rb8 {[%emt 0:01:29]} 26. f3 {[%emt 0:
00:45]} c4 {[%emt 0:01:05]} 27. Rd1 {[%emt 0:00:38]} c3 {[%emt 0:02:26]} 28.
Na4 {[%emt 0:00:49]} Rc8 {[%emt 0:01:40]} 29. Be3 {[%emt 0:00:41]} d3 {[%emt 0:
00:20]} 30. cxd3 {[%emt 0:00:40]} c2 {[%emt 0:01:16]} 31. Rc1 {[%emt 0:00:20]}
Ne5 {[%emt 0:00:34]} 32. Nb2 {[%emt 0:00:37]} Nxd3 {[%emt 0:00:27]} 33. Nxd3 {
[%emt 0:00:12]} Bxd3 {[%emt 0:00:11]} 34. Kf2 {[%emt 0:00:26]} a5 {[%emt 0:00:
59]} 35. Ke1 {[%emt 0:00:15]} Bg6 {[%emt 0:00:48]} 36. Bb6 {[%emt 0:00:00]} Ra8
{[%emt 0:00:22]} 37. Kd2 {[%emt 0:00:00]} a4 {[%emt 0:00:21]} 38. b4 {[%emt 0:
00:29]} Kc4 {[%emt 0:00:30]} 39. Bc7 {[%emt 0:00:13]} d5 {[%emt 0:00:35]} 40.
Be5 {[%emt 0:00:04]} Kxb4 {[%emt 0:06:23]} 41. Bxg7 {[%emt 0:00:11]} Kc4 {
[%emt 0:06:26]} 42. Re1 {[%emt 0:00:00]} 1/2-1/2

[Event "48th Continental Open"]
[Site "Sturbridge, MA"]
[Date "2018.08.18"]
[Round "6.12"]
[White "Meyer, Evan"]
[Black "Botta, Alejandro"]
[Result "0-1"]
[WhiteElo "2080"]
[BlackElo "2156"]
[PlyCount "134"]
[EventDate "2018.08.??"]
[EventType "swiss"]
[EventRounds "9"]
[EventCountry "USA"]

1. e4 e6 2. Nf3 d5 3. exd5 exd5 4. d4 Nc6 5. Be2 Bf5 6. O-O Bd6 7. c4 dxc4 8.
Bxc4 Nge7 9. Bd2 O-O 10. Bc3 Ng6 11. Nbd2 Rb8 12. a4 Nb4 13. a5 Nf4 14. Qa4
Nfd5 15. Rfe1 c6 16. Bf1 Nd3 17. Red1 N3f4 18. Re1 Nd3 19. Bxd3 Bxd3 20. Ne4
Bxe4 21. Rxe4 Re8 22. Rxe8+ Qxe8 23. Qc2 Qe6 24. Re1 Qg6 25. Qd1 a6 26. g3 h6
27. Nh4 Qf6 28. Qc2 g6 29. Bd2 Kh7 30. Re4 Rd8 31. Qc1 g5 32. Qb1 Kg7 33. Ng2
Qf5 34. Qe1 Nf6 35. Re2 Qh3 36. Ne3 Ng4 37. Nxg4 Qxg4 38. Bc3 Kf8 39. Re3 Qd7
40. Qb1 Kg8 41. Qd1 Bf8 42. Qb3 Bg7 43. Qb6 Bf8 44. Re1 Qc8 45. Qb3 Rd5 46. Qb6
Rb5 47. Qa7 Bg7 48. Rd1 Qd8 49. Re1 Bf8 50. Kf1 Bd6 51. Kg1 Kh7 52. Kf1 Kg6 53.
Kg1 h5 54. Bd2 h4 55. Be3 hxg3 56. hxg3 Qxa5 57. Rf1 Qd8 58. d5 c5 59. Rd1 Qc8
60. Rc1 f5 61. b4 f4 62. Bxc5 fxg3 63. fxg3 Bxg3 64. Be3 Qg4 65. Rc4 Bf4+ 66.
Kf1 Qf3+ 67. Ke1 Bxe3 0-1

[Event "48th Continental Open"]
[Site "Sturbridge, MA"]
[Date "2018.08.18"]
[Round "6.13"]
[White "Barash, Anton"]
[Black "Torres, Yelfry"]
[Result "1-0"]
[WhiteElo "1972"]
[BlackElo "2120"]
[PlyCount "57"]
[EventDate "2018.08.??"]
[EventType "swiss"]
[EventRounds "9"]
[EventCountry "USA"]
[TimeControl "6000+10"]
[WhiteClock "0:31:08"]
[BlackClock "0:20:16"]

1. e4 {[%emt 0:00:10]} c5 2. Nf3 {[%emt 0:00:14]} d6 {[%emt 0:00:38]} 3. d4 {
[%emt 0:00:13]} cxd4 {[%emt 0:00:17]} 4. Nxd4 {[%emt 0:00:10]} Nf6 {[%emt 0:00:
14]} 5. Nc3 {[%emt 0:00:13]} Nc6 {[%emt 0:00:25]} 6. Be3 {[%emt 0:02:50]} e5 {
[%emt 0:01:48]} 7. Nf3 {[%emt 0:05:22]} Be7 {[%emt 0:01:53]} 8. Bc4 {[%emt 0:
06:09]} h6 {[%emt 0:10:36]} 9. h3 {[%emt 0:02:47]} a6 {[%emt 0:08:27]} 10. Qd2
{[%emt 0:03:46]} b5 {[%emt 0:00:12]} 11. Bd5 {[%emt 0:00:11]} Bb7 {[%emt 0:13:
40]} 12. O-O {[%emt 0:03:41]} b4 {[%emt 0:06:33]} 13. Na4 {[%emt 0:05:38]} O-O
{[%emt 0:02:34]} 14. a3 {[%emt 0:14:53]} a5 {[%emt 0:02:53]} 15. axb4 {[%emt 0:
01:37]} Nxd5 {[%emt 0:02:36]} 16. exd5 {[%emt 0:05:40]} Nxb4 {[%emt 0:00:21]}
17. Nb6 {[%emt 0:00:32]} Ra6 {[%emt 0:10:48]} 18. c3 {[%emt 0:03:41]} e4 {
[%emt 0:01:04]} 19. cxb4 {[%emt 0:01:21]} axb4 {[%emt 0:05:09]} 20. Rxa6 {
[%emt 0:03:13]} exf3 {[%emt 0:01:21]} 21. Ra7 {[%emt 0:02:13]} fxg2 {[%emt 0:
01:06]} 22. Rc1 {[%emt 0:01:25]} Bf6 {[%emt 0:03:07]} 23. Rxb7 {[%emt 0:00:49]}
Be5 {[%emt 0:01:11]} 24. Bf4 {[%emt 0:02:12]} Qh4 {[%emt 0:01:58]} 25. Bxe5 {
[%emt 0:00:21]} dxe5 {[%emt 0:02:05]} 26. Qe3 {[%emt 0:00:17]} Kh7 {[%emt 0:01:
08]} 27. Rcc7 {[%emt 0:03:09]} Qh5 {[%emt 0:01:10]} 28. Qe4+ {[%emt 0:00:32]}
Kg8 {[%emt 0:01:20]} 29. Qg4 {[%emt 0:00:23]} 1-0

[Event "48th Continental Open"]
[Site "Sturbridge, MA"]
[Date "2018.08.18"]
[Round "6.14"]
[White "Markzon, Gregory"]
[Black "Tang, Jason"]
[Result "0-1"]
[WhiteElo "2114"]
[BlackElo "1908"]
[PlyCount "73"]
[EventDate "2018.08.??"]
[EventType "swiss"]
[EventRounds "9"]
[EventCountry "USA"]

1. d4 d5 2. c4 e6 3. g3 Nf6 4. Bg2 Be7 5. Nf3 O-O 6. O-O dxc4 7. Na3 Bxa3 8.
bxa3 Nc6 9. Bb2 Rb8 10. Qc2 b5 11. Rad1 Nd5 12. e4 Nb6 13. h4 Na4 14. Bc1 Ne7
15. Ne5 Nb6 16. h5 f6 17. Nf3 Bb7 18. h6 g6 19. Rfe1 Qd7 20. Bh3 Qc6 21. Bf4
Bc8 22. Bg2 Kh8 23. d5 exd5 24. e5 Bf5 25. Qc1 fxe5 26. Nxe5 Qc5 27. g4 Kg8 28.
gxf5 Nxf5 29. Nd7 Nxd7 30. Bxd5+ Kh8 31. Qc3+ Nf6 32. Bg5 Rb6 33. Be6 Nd4 34.
Rxd4 Qxg5+ 35. Kf1 Qxh6 36. Qb4 c5 37. Qxc5 0-1

[Event "48th Continental Open"]
[Site "Sturbridge, MA"]
[Date "2018.08.18"]
[Round "6.15"]
[White "Taylor, Steven"]
[Black "Bader, Jeremy"]
[Result "0-1"]
[WhiteElo "2081"]
[BlackElo "1845"]
[PlyCount "56"]
[EventDate "2018.08.??"]
[EventType "swiss"]
[EventRounds "9"]
[EventCountry "USA"]
[TimeControl "6000+10"]
[WhiteClock "0:01:20"]
[BlackClock "0:43:10"]

1. Nf3 {[%emt 0:00:10]} Nf6 {[%emt 0:00:29]} 2. c4 {[%emt 0:00:18]} g6 {
[%emt 0:00:18]} 3. Nc3 {[%emt 0:00:17]} Bg7 {[%emt 0:00:21]} 4. e4 {[%emt 0:00:
18]} d6 {[%emt 0:00:21]} 5. d4 {[%emt 0:00:18]} O-O {[%emt 0:00:23]} 6. Be2 {
[%emt 0:00:14]} e5 {[%emt 0:00:20]} 7. O-O {[%emt 0:00:20]} Nc6 {[%emt 0:00:25]
} 8. d5 {[%emt 0:00:18]} Ne7 {[%emt 0:00:18]} 9. Ne1 {[%emt 0:01:45]} Nd7 {
[%emt 0:00:39]} 10. Be3 {[%emt 0:02:01]} f5 {[%emt 0:00:55]} 11. f3 {[%emt 0:
00:13]} f4 {[%emt 0:02:03]} 12. Bf2 {[%emt 0:00:15]} Nf6 {[%emt 0:00:18]} 13.
c5 {[%emt 0:00:30]} g5 {[%emt 0:02:40]} 14. cxd6 {[%emt 0:00:40]} cxd6 {
[%emt 0:00:15]} 15. Rc1 {[%emt 0:03:41]} Ng6 {[%emt 0:01:38]} 16. Nb5 {[%emt 0:
01:52]} Rf7 {[%emt 0:01:52]} 17. Qc2 {[%emt 0:09:50]} Ne8 {[%emt 0:01:27]} 18.
Nd3 {[%emt 0:12:54]} Bf8 {[%emt 0:01:02]} 19. a4 {[%emt 0:02:54]} Rg7 {[%emt 0:
01:27]} 20. b4 {[%emt 0:15:52]} h5 {[%emt 0:00:45]} 21. Nxa7 {[%emt 0:00:51]}
Bd7 {[%emt 0:02:35]} 22. Nc6 {[%emt 0:12:32]} Qf6 {[%emt 0:02:19]} 23. Rfd1 {
[%emt 0:23:08]} g4 {[%emt 0:01:28]} 24. Kf1 {[%emt 0:01:21]} Nh4 {[%emt 0:03:
25]} 25. b5 {[%emt 0:04:59]} Nxg2 {[%emt 0:09:34]} 26. Qb3 {[%emt 0:02:56]} g3
{[%emt 0:15:51]} 27. hxg3 {[%emt 0:01:46]} fxg3 {[%emt 0:00:57]} 28. Kxg2 {
[%emt 0:01:07]} Qh4 {[%emt 0:07:35]} 0-1